Slovenské elektrárne kvalita strategickej zmeny

Výroba a tranzit elektrickej energie v slovenskej ekonomike. Energetická náročnosť slovenskej ekonomiky. Štruktúra výroby elektrickej energie v Slovenskej republike v rokoch 1995-1996. Postavenie jadrových elektrární vo svete a v Slovenskej republike. Štruktúra elektroenergetiky Slovenskej republiky...

Descrizione completa

Salvato in:
Dettagli Bibliografici
Autore principale: Mikuš, Tibor
Natura: Libro
Lingua:slovacco
Soggetti:
Tags: Aggiungi Tag
Nessun Tag, puoi essere il primo ad aggiungerne!!

MARC

LEADER 00000nam a2200000 4500
001 r031390
005 20230606081931.1
041 0 |a slo 
044 |a SK 
245 1 0 |a Slovenské elektrárne kvalita strategickej zmeny  |c Tibor Mikuš 
520 |a Výroba a tranzit elektrickej energie v slovenskej ekonomike. Energetická náročnosť slovenskej ekonomiky. Štruktúra výroby elektrickej energie v Slovenskej republike v rokoch 1995-1996. Postavenie jadrových elektrární vo svete a v Slovenskej republike. Štruktúra elektroenergetiky Slovenskej republiky. 
610 2 0 |a energetika 
610 2 0 |a energia 
610 2 0 |a energia atómová 
610 2 0 |a tranzit 
610 2 0 |a investície 
610 2 0 |a elektrárne 
610 2 0 |a Slovenské elektrárne, a.s. Bratislava 
100 1 |a Mikuš, Tibor